Diseases and pests of the rubber tree (Record no. 19967)

MARC details
000 -LEADER
fixed length control field 00349nam a2200133Ia 4500
082 ## - DEWEY DECIMAL CLASSIFICATION NUMBER
Classification number NR:63:581.2
Item number SHA
100 ## - MAIN ENTRY--AUTHOR NAME
Personal name Sharples, Arnold
245 #0 - TITLE STATEMENT
Title Diseases and pests of the rubber tree
260 ## - PUBLICATION, DISTRIBUTION, ETC. (IMPRINT)
Place of publication London
Name of publisher Macmillan
Year of publication 1936
650 ## - SUBJECT ADDED ENTRY--TOPICAL TERM
Topical Term Rubber diseases
650 ## - SUBJECT ADDED ENTRY--TOPICAL TERM
Topical Term Rubber pests
942 ## - ADDED ENTRY ELEMENTS (KOHA)
Koha item type Reference
Holdings
Withdrawn status Lost status Damaged status Not for loan Home library Current library Date acquired Full call number Accession Number Koha item type
        RRII Library RRII Library 16/12/2021 NR:63:581.2 SHA 00695 Books